Rated R Movies - Sudden Death - Statistics

General Stats
  • This quiz has been taken 295 times
    294 since last reset
  • The average score is 5 of 18
Answers on the Grid
Answers color-coded by a green-red scale on the quiz's grid according to % correct below.
The Godfather
Taken
The Green Mile
Casino Royale
Goodfellas
The Thing
The Matrix
Edward Scissorhands
The Ring
Die Hard
Terminator 2: Judgement Day
The Good, the Bad, and the Ugly
The Dark Knight
Forrest Gump
Inception
Alien
Ghostbusters
Jurassic Park
1984
The Big Lebowski
Deadpool
Airplane!
Signs
World War Z
Inglourious Basterds
The Exorcist
The 40-Year-Old Virgin
Lost in Translation
The Hangover
Mean Girls
2001: A Space Odyssey
Jaws
Love Actually
Dunkirk
Minority Report
 
Answer Stats
Answer % Correct
Inglourious Basterds
45%
Deadpool
43%
Goodfellas
40%
The Exorcist
38%
The Godfather
38%
Alien
34%
Die Hard
32%
The Hangover
30%
The Thing
30%
The Big Lebowski
24%
Terminator 2: Judgement Day
23%
The 40-Year-Old Virgin
23%
The Matrix
20%
The Green Mile
13%
The Good, the Bad, and the Ugly
12%
Love Actually
11%
Lost in Translation
7%
1984
6%
No matching quizzes found
Score Distribution
Percent of People with Each Score
Percentile by Number Answered
Your Score History
You have not taken this quiz since the last reset